El Renacimiento y la era del descubrimiento.
Guardado en:
| Formato: | |
|---|---|
| Series: | La tradición de Occidente
|
| Materias: | |
| Etiquetas: |
Agregar Etiqueta
Sin Etiquetas, Sea el primero en etiquetar este registro!
|
| LEADER | 00943ngm a22002775g 4500 | ||
|---|---|---|---|
| 001 | CEM.cems022530 | ||
| 008 | 130507b2000##################0###0#####d | ||
| 005 | 20241106144428.0 | ||
| 245 | 0 | 0 | |a El Renacimiento y la era del descubrimiento. |
| 300 | |a 27'. | ||
| 490 | 0 | |a La tradición de Occidente | |
| 500 | |a En soporte VHS, consultar en ventanilla. | ||
| 505 | 0 | |a La era del Renacimiento: nuevos descubrimientos e inventos. El ideal del humanismo. Las grandes exploraciones. | |
| 538 | |a Soporte: VHS - Norma: Pal N - Color: Si - Grabación DRD 2000 - Hitachi=3540 | ||
| 082 | 9 | 3 | |/ WGB |
| 653 | |a HISTORIA MEDIEVAL | ||
| 653 | |a HISTORIA MODERNA | ||
| 653 | |a OCCIDENTE | ||
| 653 | |a EDAD MEDIA | ||
| 653 | |a RENACIMIENTO | ||
| 653 | |a DESCUBRIMIENTOS | ||
| 653 | |a INVENTOS | ||
| 653 | |a EXPLORACIONES | ||
| 653 | |a HUMANISMO | ||
| 653 | |a NIVEL SECUNDARIO | ||
| 859 | |a CEMS |b BIB. CEMS - Depto. Recursos Didacticos |h 937 |i WGB |k DRD |p 1173.12 |t Ej.1 | ||
